[Event "Petrolina Cordioli Memorial op"]
[Site "Petrolina"]
[Date "2007.10.21"]
[Round "6"]
[White "Bandeira, Carlos Frederico"]
[Black "Dourado de Oliveira, Claudio"]
[Result "1-0"]
[WhiteElo "1800"]
[BlackElo "1800"]
[PlyCount "34"]
[EventDate "2007.10.09"]
[EventType "swiss"]
[EventRounds "7"]
[EventCountry "BRA"]
[SourceTitle "EXT 2022"]
[Source "ChessBase"]
[SourceDate "2021.10.06"]
[SourceVersion "1"]
[SourceVersionDate "2021.10.06"]
[SourceQuality "1"]

1. d4 d5 2. Bf4 Bf5 3. Nc3 Nf6 4. Nb5 Na6 5. b4 Nxb4 6. Nxc7+ Kd7 7. Nxa8 Qxa8 8. Rc1 h6 9. c4 dxc4 10. Rxc4 Nbd5 11. Be5 Ng4 12. Bg3 Ngf6 13. Be5 h5 14. g3 Be4 15. Bh3+ Kd8 16. Rc8+ Qxc8 17. Bxc8 Kxc8 1-0

[Event "Petrolina Cordioli Memorial op"]
[Site "Petrolina"]
[Date "2007.10.18"]
[Round "1"]
[White "Dourado de Oliveira, Claudio"]
[Black "Baptista, Igor Lucas"]
[Result "0-1"]
[WhiteElo "1800"]
[BlackElo "1932"]
[PlyCount "56"]
[EventDate "2007.10.09"]
[EventType "swiss"]
[EventRounds "7"]
[EventCountry "BRA"]
[SourceTitle "EXT 2022"]
[Source "ChessBase"]
[SourceDate "2021.10.06"]
[SourceVersion "1"]
[SourceVersionDate "2021.10.06"]
[SourceQuality "1"]

1. e4 d6 2. Nf3 e5 3. h3 Nf6 4. Nc3 g6 5. Bc4 Bg7 6. d3 Nc6 7. a3 0-0 8. Be3 Be6 9. Nd5 Ne7 10. Bg5 Nfxd5 11. exd5 Bd7 12. Qd2 Re8 13. 0-0-0 a5 14. g4 b5 15. Ba2 b4 16. Rde1 bxa3 17. bxa3 c5 18. dxc6 Bxc6 19. Qe3 Qb8 20. d4 Qb7 21. dxe5 Bxf3 22. Qf4 Nc8 23. Bf6 Bxh1 24. g5 Bd5 25. c4 Rb8 26. Re2 Bf3 27. Rd2 dxe5 28. Bxe5 Bxe5 0-1